00982nam a2200253Ia 4500008004100000020001500041050001600056082001600072100002600088245006000114260005400174300001800228337001000246338001400256490002900270500010400299500004700403504010300450505007500553650000900628650004100637650001900678700003100697120622s99991986sp 000 0 mx d a8475094899 aPN1994bC67 a791.4 C673s aCosta, Antoniodautor aSaber ver el cinec/ Antonio Costa ; tr. Carlos Losilla aBarcelonab: Ediciones Paidós Ibéricac, 1986 a319 páginas atexto asin medio aInstrumentos Paidósv5 aPlan Flexible Ciencias de la Comunicación / Apreciación Cinematográfica (B12-1) / (01 003934) aTítulo original: Saper vedere il cinema. a Incluye: Referencias bibliográficas página 293 e índice de películas citadas página 307 a¿Qué es el cine? Las distintas epocas del cine Técnica y lenguaje14aCINE24aPELICULAS CINEMATOGRAFICASxANALISIS34aLENGUAJExCINE aLosilla, Carlosdtraductor